Complete guide to the Toeic test

Enregistré dans:
Détails bibliographiques
Auteur principal: Rogers, Bruce
Format: Livre
Langue:English
Publié: Canada Heinle cengage learning 2006
Édition:3rd ed
Sujets:
Tags: Ajouter un tag
Pas de tags, Soyez le premier à ajouter un tag!
Thư viện lưu trữ: Trung tâm Học liệu Lê Vũ Hùng, Trường Đại học Đồng Tháp
LEADER 00711pam a22002418a 4500
001 00023912
005 20171026081023.0
008 110702s2006 ||||||engsd
020 # # |a 9781424002962 
041 0 # |a eng 
082 1 4 |a 428  |b C400M 
100 1 # |a Rogers, Bruce 
245 1 0 |a Complete guide to the Toeic test  |c Bruce Rogers 
250 # # |a 3rd ed 
260 # # |a Canada  |b Heinle cengage learning  |c 2006 
300 # # |a 335 p.  |b ill.  |c 28 cm. 
653 # # |a Hoàn chỉnh 
653 # # |a Hướng dẫn 
653 # # |a Thi Toeic 
852 # # |b Kho đọc  |j KD.0008468 
852 # # |j KD.0008468 
910 0 # |a Ntuyet  |d 02/07/2011 
980 # # |a Trung tâm Học liệu Lê Vũ Hùng, Trường Đại học Đồng Tháp